| 000 | 00407nam a2200169Ia 4500 | ||
|---|---|---|---|
| 008 | 230524s9999 xx 000 0 und d | ||
| 020 | _a8125914196 | ||
| 082 |
_a658.4 _bJAK |
||
| 100 | _aG P Jakhotiya | ||
| 245 | 0 | _aStrategic Financial Management | |
| 250 | _a2ND | ||
| 260 |
_aNEW DELHI _bVikas _c2009 |
||
| 300 | _aXVIII;372 | ||
| 500 | _aQuantity Number: 20 | ||
| 650 | _aManagement | ||
| 942 | _cBK | ||
| 999 |
_c46754 _d46754 |
||